000 00390ntaaa2200157 4500
003 01
005 20251027201916.0
008 0714s1973 ag 01
040 _aAR-BaBN
_bspa
_cAR-BaBN
_eaacr
_dRIC
082 _a244.1000 V42
100 _aVaretto, Juan C.
_97850
245 _aCuatro animalitos sobios
250 _a1 ed. :
_bs.l.,
_cn.f.
650 _aNovelas Religosas
_917617
942 _cBK
999 _c13792
_d13792